| 000 | 00346 a2200109 4500 | ||
|---|---|---|---|
| 020 | _a054049698X | ||
| 082 | _a624.171 HAR | ||
| 100 | _aHartmann, Friedel | ||
| 245 |
_aStructural Analysis with Finite Elements _cFriedel Hartmann, Casimir Katz |
||
| 260 |
_aNew York : _bSpringer Berlin Heidelberg, _c2007 |
||
| 300 |
_axii, 597p. : _bill. ; _c28 cm |
||
| 650 | _aStructural Analysis | ||
| 999 |
_c1241 _d1241 |
||